[Event "BI-2016-F-0000"]
[Site "LSS email"]
[Date "2016.02.14"]
[Round "?"]
[White "Bienkowski, Alejandro"]
[Black "Kobryn, Wieslaw"]
[Result "0-1"]
[WhiteElo "1923"]
[BlackElo "1984"]
[PlyCount "86"]
[EventDate "2016.02.20"]
[EventType "tourn (corr)"]
[EventRounds "10"]
[EventCountry "GER"]
[SourceTitle "Corr 2022"]
[Source "ChessBase"]
[SourceDate "2021.10.24"]
[SourceVersion "1"]
[SourceVersionDate "2021.10.24"]
[SourceQuality "1"]

1. e4 c5 2. Nf3 e6 3. d4 cxd4 4. Nxd4 Nc6 5. Nc3 d6 6. Be3 Nf6 7. f3 Be7 8. Qd2 0-0 9. 0-0-0 Nxd4 10. Bxd4 a6 11. Kb1 b5 12. a3 Bb7 13. g4 Rc8 14. g5 Nh5 15. h4 d5 16. exd5 Bxd5 17. Qe3 Bd6 18. Bh3 Nf4 19. h5 Nxh3 20. Rxh3 Qc7 21. Rh4 Bb7 22. g6 h6 23. Rg4 e5 24. gxf7+ Rxf7 25. Bb6 Qb8 26. Rg6 Bf8 27. Ne4 Qa8 28. Re1 Rf4 29. Nd2 Rc6 30. Qb3+ Kh8 31. Rxe5 Rxg6 32. hxg6 Rf6 33. Bd4 Rxg6 34. Ne4 Qd8 35. Qd3 Qc8 36. Nc5 Rf6 37. Nxb7 Qxb7 38. Re3 Rf7 39. Qb3 Kh7 40. Qc3 g6 41. Be5 h5 42. f4 Bg7 43. Qc5 Qa7 0-1

[Event "BI-2016-F-0000"]
[Site "LSS email"]
[Date "2016.02.14"]
[Round "?"]
[White "Bulgarini Torre, Marco"]
[Black "Bienkowski, Alejandro"]
[Result "1-0"]
[WhiteElo "2209"]
[BlackElo "1923"]
[PlyCount "95"]
[EventDate "2016.02.20"]
[EventType "tourn (corr)"]
[EventRounds "10"]
[EventCountry "GER"]
[SourceTitle "Corr 2022"]
[Source "ChessBase"]
[SourceDate "2021.10.24"]
[SourceVersion "1"]
[SourceVersionDate "2021.10.24"]
[SourceQuality "1"]

1. e4 c5 2. Nc3 Nc6 3. g3 g6 4. Bg2 Bg7 5. d3 d6 6. Nh3 e6 7. 0-0 Nge7 8. Be3 0-0 9. Qd2 Nd4 10. Rae1 Rb8 11. Nd1 b5 12. c3 Ndc6 13. Bh6 b4 14. Bxg7 Kxg7 15. f4 f6 16. Ne3 d5 17. Rc1 bxc3 18. bxc3 dxe4 19. Bxe4 Qc7 20. Nf2 Rd8 21. Bg2 Ba6 22. Rfe1 e5 23. fxe5 Nxe5 24. d4 Qd7 25. Rcd1 cxd4 26. cxd4 Nc4 27. Nxc4 Bxc4 28. Ne4 Nf5 29. Qf2 Qf7 30. Nc5 Rb6 31. a4 Kh8 32. g4 Ng7 33. a5 Rb5 34. Rb1 Rdb8 35. Rxb5 Rxb5 36. Ne4 Ne8 37. d5 Rxa5 38. Ng5 Qf8 39. Qd4 Bb5 40. d6 Nxd6 41. Qxd6 Qxd6 42. Nf7+ Kg8 43. Nxd6 Kf8 44. h3 h5 45. gxh5 gxh5 46. Nxb5 Rxb5 47. Rc1 a5 48. Rc7 1-0

[Event "BI-2016-F-0000"]
[Site "LSS email"]
[Date "2016.02.14"]
[Round "?"]
[White "Kurpnieks, Vairis"]
[Black "Bienkowski, Alejandro"]
[Result "1-0"]
[WhiteElo "2077"]
[BlackElo "1923"]
[PlyCount "79"]
[EventDate "2016.02.20"]
[EventType "tourn (corr)"]
[EventRounds "10"]
[EventCountry "GER"]
[SourceTitle "Corr 2022"]
[Source "ChessBase"]
[SourceDate "2021.10.24"]
[SourceVersion "1"]
[SourceVersionDate "2021.10.24"]
[SourceQuality "1"]

1. e4 c5 2. Nf3 d6 3. d4 cxd4 4. Nxd4 Nf6 5. Nc3 g6 6. f3 Bg7 7. Be3 0-0 8. Qd2 Nc6 9. 0-0-0 d5 10. exd5 Nxd5 11. Nxc6 bxc6 12. Bd4 Bxd4 13. Qxd4 Qb6 14. Na4 Qc7 15. Nc5 a5 16. h4 Rd8 17. g4 e5 18. Qf2 Qb6 19. h5 g5 20. h6 Be6 21. Rh5 f6 22. Rh2 Nb4 23. Rxd8+ Qxd8 24. b3 Bf7 25. Kb2 a4 26. Nxa4 Qb8 27. Nc3 Nxa2 28. Nxa2 Qd6 29. Qb6 Qa3+ 30. Kc3 Qxa2 31. Bd3 Qa5+ 32. Qxa5 Rxa5 33. Rh1 Ra8 34. Kb4 Bg6 35. Bxg6 hxg6 36. Kc5 Re8 37. c4 Re6 38. b4 e4 39. h7+ Kh8 40. fxe4 1-0

[Event "BI-2016-F-0000"]
[Site "LSS email"]
[Date "2016.02.14"]
[Round "?"]
[White "Vodicka, Milan"]
[Black "Bienkowski, Alejandro"]
[Result "1-0"]
[WhiteElo "2076"]
[BlackElo "1923"]
[PlyCount "113"]
[EventDate "2016.02.20"]
[EventType "tourn (corr)"]
[EventRounds "10"]
[EventCountry "GER"]
[SourceTitle "Corr 2022"]
[Source "ChessBase"]
[SourceDate "2021.10.24"]
[SourceVersion "1"]
[SourceVersionDate "2021.10.24"]
[SourceQuality "1"]

1. d4 e6 2. c4 f5 3. g3 Nf6 4. Bg2 Be7 5. Nf3 0-0 6. 0-0 d6 7. Nc3 a5 8. b3 Qe8 9. Bb2 Qh5 10. e3 Na6 11. Ne2 g5 12. a3 c6 13. Qc2 Nc7 14. Nc1 b6 15. Nd3 c5 16. Nd2 Rb8 17. Rae1 Bb7 18. Bxb7 Ng4 19. h4 Rxb7 20. f3 Nf6 21. hxg5 Qxg5 22. Rf2 Rf7 23. Rg2 h5 24. Nf4 Rb8 25. e4 fxe4 26. Nxe4 Qf5 27. g4 Qxf4 28. Bc1 Qxf3 29. Ng5 Qxg2+ 30. Qxg2 Rg7 31. Qc6 Nce8 32. Nxe6 Rxg4+ 33. Kh2 Ng7 34. Nxg7 Rxg7 35. Kh3 Kf7 36. Bf4 Rd8 37. Qxb6 Rg4 38. Rf1 Kg7 39. Qxa5 Rf8 40. Qa7 Ng8 41. dxc5 Rh4+ 42. Kg2 Rg4+ 43. Bg3 h4 44. Rxf8 Kxf8 45. Qb8+ Kg7 46. cxd6 Rxg3+ 47. Kf2 Bf6 48. d7 Rc3 49. Qc7 Kg6 50. Qd6 Kf7 51. c5 Rc2+ 52. Ke3 Bg5+ 53. Ke4 Re2+ 54. Kf3 Re3+ 55. Kf2 Re6 56. Qc7 Kg6 57. Qc8 1-0

[Event "BI-2015-P-0000"]
[Site "LSS email"]
[Date "2015.04.16"]
[Round "?"]
[White "Bienkowski, Alejandro"]
[Black "Kudela, Pavel"]
[Result "1-0"]
[WhiteElo "1907"]
[BlackElo "1308"]
[PlyCount "57"]
[EventDate "2015.04.22"]
[EventType "tourn (corr)"]
[EventRounds "10"]
[EventCountry "GER"]
[SourceTitle "Corr 2022"]
[Source "ChessBase"]
[SourceDate "2021.10.24"]
[SourceVersion "1"]
[SourceVersionDate "2021.10.24"]
[SourceQuality "1"]

1. e4 c6 2. d4 d5 3. Nc3 b5 4. a3 e6 5. e5 Nd7 6. Nf3 a6 7. Bd3 c5 8. 0-0 cxd4 9. Ne2 Bc5 10. Re1 Ne7 11. Nexd4 0-0 12. Bxh7+ Kh8 13. Ng5 g6 14. Bxg6 fxg6 15. Qg4 Kg8 16. Qh3 Rf7 17. Nxf7 Kxf7 18. Qh7+ Ke8 19. Nxe6 Nf8 20. Nxf8 Qb6 21. e6 Bxf2+ 22. Kh1 Bxe1 23. Bg5 Ra7 24. Qh8 Bxe6 25. Rxe1 Qf2 26. Nxe6+ Kd7 27. Qd8+ Kc6 28. Nd4+ Kc5 29. Bxe7+ 1-0

[Event "BI-2015-F-0000"]
[Site "LSS email"]
[Date "2015.02.12"]
[Round "?"]
[White "Bienkowski, Alejandro"]
[Black "Boni, Roberto"]
[Result "1/2-1/2"]
[WhiteElo "1890"]
[BlackElo "1663"]
[PlyCount "111"]
[EventDate "2015.02.11"]
[EventType "tourn (corr)"]
[EventRounds "10"]
[EventCountry "GER"]
[SourceTitle "Corr 2022"]
[Source "ChessBase"]
[SourceDate "2021.10.24"]
[SourceVersion "1"]
[SourceVersionDate "2021.10.24"]
[SourceQuality "1"]

1. e4 c5 2. Nf3 d6 3. d4 cxd4 4. Nxd4 Nf6 5. Nc3 a6 6. Bg5 Nbd7 7. Bc4 Qb6 8. Bb3 e6 9. 0-0 Be7 10. Kh1 Nc5 11. Qe2 h6 12. Bh4 Nfxe4 13. Bxe7 Nxc3 14. bxc3 Kxe7 15. f4 Bd7 16. f5 Raf8 17. Qf3 g5 18. fxg6 fxg6 19. Qe3 Qd8 20. Bc4 Qc8 21. Rfe1 Rf6 22. Rf1 Rhf8 23. Qxh6 Ne4 24. Rxf6 Rxf6 25. Qh7+ Kd8 26. Qh8+ Be8 27. Rf1 Qxc4 28. Rxf6 Nxf6 29. Qxf6+ Kd7 30. Qg7+ Kc8 31. h3 e5 32. Nf3 Qf7 33. Qxf7 Bxf7 34. a3 Kc7 35. Kg1 Kc6 36. Ng5 Ba2 37. h4 Bb1 38. g4 Bxc2 39. h5 gxh5 40. gxh5 Kb5 41. Kf2 Ka4 42. Nf7 b6 43. Nxd6 Kxa3 44. Ke3 Bh7 45. Nc4+ Kb3 46. Nxe5 a5 47. Kd4 a4 48. Nc4 Bg8 49. Ne5 Kc2 50. Nc4 Bxc4 51. Kxc4 a3 52. h6 a2 53. h7 a1Q 54. h8Q Qa4+ 55. Kd5 Qd7+ 56. Ke4 1/2-1/2

[Event "BI-2015-F-0000"]
[Site "LSS email"]
[Date "2015.02.12"]
[Round "?"]
[White "Bienkowski, Alejandro"]
[Black "Sheers, Matthew"]
[Result "1/2-1/2"]
[WhiteElo "1890"]
[BlackElo "1871"]
[PlyCount "73"]
[EventDate "2015.02.11"]
[EventType "tourn (corr)"]
[EventRounds "10"]
[EventCountry "GER"]
[SourceTitle "Corr 2022"]
[Source "ChessBase"]
[SourceDate "2021.10.24"]
[SourceVersion "1"]
[SourceVersionDate "2021.10.24"]
[SourceQuality "1"]

1. e4 c5 2. Nf3 d6 3. d4 cxd4 4. Nxd4 Nf6 5. Nc3 Nc6 6. Bg5 Bd7 7. Qd2 Rc8 8. f4 Nxd4 9. Qxd4 Qa5 10. e5 dxe5 11. fxe5 e6 12. 0-0-0 Bc6 13. Nb5 Bxb5 14. exf6 Bc6 15. h4 g6 16. Bc4 Bc5 17. Qf4 Qc7 18. Qxc7 Rxc7 19. Bxe6 Bxg2 20. Rh2 Bf3 21. Rf1 fxe6 22. Rxf3 h6 23. Bd2 Kf7 24. Rd3 e5 25. Re2 Bd4 26. Rf3 g5 27. Rf5 Ke6 28. Rf1 gxh4 29. Rf4 Kf7 30. Rxh4 Kxf6 31. Rh5 Re7 32. Reh2 Ke6 33. c3 Bg1 34. Re2 Kd6 35. Rg2 Bb6 36. Kc2 Re6 37. a4 1/2-1/2

[Event "BI-2015-F-0000"]
[Site "LSS email"]
[Date "2015.02.12"]
[Round "?"]
[White "Parente, Antonio"]
[Black "Bienkowski, Alejandro"]
[Result "1/2-1/2"]
[WhiteElo "1699"]
[BlackElo "1890"]
[PlyCount "62"]
[EventDate "2015.02.11"]
[EventType "tourn (corr)"]
[EventRounds "10"]
[EventCountry "GER"]
[SourceTitle "Corr 2022"]
[Source "ChessBase"]
[SourceDate "2021.10.24"]
[SourceVersion "1"]
[SourceVersionDate "2021.10.24"]
[SourceQuality "1"]

1. d4 Nf6 2. c4 g6 3. Nc3 Bg7 4. e4 d6 5. h3 0-0 6. Nf3 e5 7. dxe5 dxe5 8. Bg5 Be6 9. Be2 Nc6 10. 0-0 Nd4 11. Nxe5 Nxe2+ 12. Qxe2 Qd4 13. Nf3 Qxc4 14. Qe3 Rfd8 15. Rad1 Qb4 16. a3 Qa5 17. Qf4 Rxd1 18. Rxd1 Nh5 19. Qc1 Bxc3 20. bxc3 Qc5 21. Be3 Qc6 22. Qb1 b6 23. Qb4 Re8 24. Ne5 Qa8 25. g4 Nf6 26. f3 c5 27. Qa4 Rd8 28. Bf4 Rxd1+ 29. Qxd1 Ne8 30. Qd3 Qc8 31. Nc4 Bxc4 1/2-1/2

[Event "BI-2015-F-0000"]
[Site "LSS email"]
[Date "2015.02.12"]
[Round "?"]
[White "Pech, Jaroslav Sr"]
[Black "Bienkowski, Alejandro"]
[Result "0-1"]
[WhiteElo "1776"]
[BlackElo "1890"]
[PlyCount "40"]
[EventDate "2015.02.11"]
[EventType "tourn (corr)"]
[EventRounds "10"]
[EventCountry "GER"]
[SourceTitle "Corr 2022"]
[Source "ChessBase"]
[SourceDate "2021.10.24"]
[SourceVersion "1"]
[SourceVersionDate "2021.10.24"]
[SourceQuality "1"]

1. d4 Nf6 2. c4 g6 3. Nc3 Bg7 4. e4 d6 5. Nf3 0-0 6. Be2 e5 7. 0-0 Nc6 8. d5 Ne7 9. Ne1 c6 10. Be3 b5 11. dxc6 bxc4 12. Qa4 Be6 13. Rd1 Rc8 14. Bxc4 Bxc4 15. Qxc4 Rxc6 16. Qa4 Qb8 17. Nd3 Rc7 18. f3 Rb7 19. Qa3 Rd8 20. b3 Rc8 0-1

[Event "WC-2015-P-00018"]
[Site "LSS email"]
[Date "2015.01.19"]
[Round "?"]
[White "Bienkowski, Alejandro"]
[Black "Denisov, Timofey"]
[Result "0-1"]
[WhiteElo "1896"]
[BlackElo "2255"]
[PlyCount "84"]
[EventDate "2015.01.25"]
[EventType "tourn (corr)"]
[EventRounds "12"]
[EventCountry "GER"]
[SourceTitle "Corr 2022"]
[Source "ChessBase"]
[SourceDate "2021.10.24"]
[SourceVersion "1"]
[SourceVersionDate "2021.10.24"]
[SourceQuality "1"]

1. e4 c5 2. Nf3 d6 3. d4 cxd4 4. Nxd4 Nf6 5. Nc3 a6 6. Be3 e5 7. Nb3 Be6 8. f3 Nbd7 9. Qd2 h5 10. Nd5 Bxd5 11. exd5 g6 12. Be2 Bg7 13. 0-0 0-0 14. Na5 Qc7 15. c4 e4 16. Rac1 exf3 17. Bxf3 Rfe8 18. Bd4 Ne4 19. Bxe4 Bxd4+ 20. Qxd4 Qxa5 21. Qf2 Re7 22. a3 Qc5 23. Qxc5 Nxc5 24. Bf3 a5 25. Rfe1 Rae8 26. Rxe7 Rxe7 27. Rd1 a4 28. Kf2 Kg7 29. Rd4 f5 30. Bd1 Kf6 31. Bc2 g5 32. Rd1 Ne4+ 33. Kf1 Rc7 34. Bd3 h4 35. Ke1 Re7 36. Kf1 g4 37. Bc2 g3 38. h3 Rc7 39. Bxa4 Rxc4 40. Bb3 Nf2 41. Rb1 Rd4 42. Ke2 f4 0-1

[Event "WC-2015-P-00018"]
[Site "LSS email"]
[Date "2015.01.19"]
[Round "?"]
[White "Denisov, Timofey"]
[Black "Bienkowski, Alejandro"]
[Result "1-0"]
[WhiteElo "2255"]
[BlackElo "1896"]
[PlyCount "67"]
[EventDate "2015.01.25"]
[EventType "tourn (corr)"]
[EventRounds "12"]
[EventCountry "GER"]
[SourceTitle "Corr 2022"]
[Source "ChessBase"]
[SourceDate "2021.10.24"]
[SourceVersion "1"]
[SourceVersionDate "2021.10.24"]
[SourceQuality "1"]

1. Nf3 c5 2. e4 Nc6 3. d4 cxd4 4. Nxd4 Nf6 5. Nc3 g6 6. Nxc6 bxc6 7. e5 Ng8 8. Bc4 Bg7 9. Bf4 Nh6 10. 0-0 0-0 11. Bb3 Nf5 12. g4 Nh6 13. h3 Kh8 14. Qd2 Ng8 15. Rad1 f5 16. g5 Qc7 17. Qe3 Ba6 18. Rfe1 Rac8 19. h4 e6 20. Rd6 Ne7 21. Qd2 Rfd8 22. Rd1 Nd5 23. Nxd5 exd5 24. c4 Bb7 25. h5 Re8 26. e6 dxe6 27. Rxd5 Qxf4 28. Qxf4 cxd5 29. h6 Bxb2 30. Qd2 Be5 31. Qe3 Bb8 32. Qc3+ e5 33. Qb4 Rc7 34. cxd5 1-0

[Event "WC-2015-P-00018"]
[Site "LSS email"]
[Date "2015.01.19"]
[Round "?"]
[White "Schild, Reinhard"]
[Black "Bienkowski, Alejandro"]
[Result "1/2-1/2"]
[WhiteElo "2086"]
[BlackElo "1896"]
[PlyCount "55"]
[EventDate "2015.01.25"]
[EventType "tourn (corr)"]
[EventRounds "12"]
[EventCountry "GER"]
[SourceTitle "Corr 2022"]
[Source "ChessBase"]
[SourceDate "2021.10.24"]
[SourceVersion "1"]
[SourceVersionDate "2021.10.24"]
[SourceQuality "1"]

1. d4 Nf6 2. c4 g6 3. g3 Bg7 4. Bg2 0-0 5. Nc3 d6 6. Nf3 Nbd7 7. 0-0 e5 8. e4 exd4 9. Nxd4 Re8 10. h3 Nc5 11. Re1 Nfd7 12. Be3 Ne5 13. Qe2 Bd7 14. Rad1 Qc8 15. Kh2 Na4 16. Nxa4 Bxa4 17. b3 Bd7 18. Qd2 Nc6 19. f4 Nxd4 20. Bxd4 Bc6 21. Bxg7 Kxg7 22. e5 Bxg2 23. Kxg2 dxe5 24. Rxe5 c5 25. Rd5 b6 26. f5 Qc6 27. Qc3+ Qf6 28. Qxf6+ 1/2-1/2

[Event "OP-2015-0-03616"]
[Site "LSS email"]
[Date "2015.01.11"]
[Round "?"]
[White "Nejdek, Petr"]
[Black "Bienkowski, Alejandro"]
[Result "0-1"]
[WhiteElo "556"]
[BlackElo "1888"]
[PlyCount "46"]
[EventDate "2015.01.07"]
[EventType "tourn (corr)"]
[EventRounds "4"]
[EventCountry "GER"]
[SourceTitle "Corr 2022"]
[Source "ChessBase"]
[SourceDate "2021.10.24"]
[SourceVersion "1"]
[SourceVersionDate "2021.10.24"]
[SourceQuality "1"]

1. e4 c5 2. Bc4 Nc6 3. a3 Nf6 4. d3 d6 5. Nf3 g6 6. Ng5 e6 7. c3 d5 8. Bb5 h6 9. Bxc6+ bxc6 10. Nf3 dxe4 11. Ne5 Ba6 12. c4 Bd6 13. Ng4 exd3 14. Nxf6+ Qxf6 15. Qxd3 Qd4 16. Qf3 Qe5+ 17. Kd2 0-0 18. Re1 Qd4+ 19. Kc2 Qxc4+ 20. Nc3 Rab8 21. Re4 Qb3+ 22. Kb1 Rfd8 23. Na2 Bd3+ 0-1

[Event "OP-2014-0-03570"]
[Site "LSS email"]
[Date "2014.11.28"]
[Round "?"]
[White "Lenz, Juergen"]
[Black "Bienkowski, Alejandro"]
[Result "0-1"]
[WhiteElo "905"]
[BlackElo "1833"]
[PlyCount "48"]
[EventDate "2014.11.24"]
[EventType "tourn (corr)"]
[EventRounds "4"]
[EventCountry "GER"]
[SourceTitle "Corr 2015"]
[Source "ChessBase"]
[SourceDate "2015.07.17"]
[SourceVersion "1"]
[SourceVersionDate "2015.07.17"]
[SourceQuality "1"]

1. d4 Nf6 2. Nf3 g6 3. Bf4 Bg7 4. e3 0-0 5. Be2 d6 6. h3 c5 7. c3 cxd4 8. exd4 Nc6 9. 0-0 Nd5 10. Bh2 e5 11. dxe5 dxe5 12. Nbd2 Qe7 13. Qb3 Be6 14. Qc2 Rac8 15. Qa4 Nb6 16. Qb5 Rfd8 17. Rfd1 Rd5 18. Ne4 Rxb5 19. Bxb5 a6 20. Bxc6 Rxc6 21. Bxe5 Bxe5 22. Nxe5 Bd5 23. Nxc6 Qxe4 24. Rxd5 Nxd5 0-1

[Event "OP-2014-0-03570"]
[Site "LSS email"]
[Date "2014.11.28"]
[Round "?"]
[White "Shim Ng Min, Francis"]
[Black "Bienkowski, Alejandro"]
[Result "0-1"]
[WhiteElo "1109"]
[BlackElo "1833"]
[PlyCount "80"]
[EventDate "2014.11.24"]
[EventType "tourn (corr)"]
[EventRounds "4"]
[EventCountry "GER"]
[SourceTitle "Corr 2015"]
[Source "ChessBase"]
[SourceDate "2015.07.17"]
[SourceVersion "1"]
[SourceVersionDate "2015.07.17"]
[SourceQuality "1"]

1. e4 c5 2. Nf3 Nc6 3. d4 cxd4 4. Nxd4 g6 5. c4 Bg7 6. Be3 Nf6 7. Nc3 0-0 8. Be2 d6 9. 0-0 Bd7 10. Rc1 Nxd4 11. Bxd4 Bc6 12. f3 a5 13. a4 Nd7 14. Bxg7 Kxg7 15. b3 Qb6+ 16. Kh1 Nc5 17. Rb1 Rac8 18. Bd3 e6 19. Bc2 Rcd8 20. h3 f6 21. Qe2 Qb4 22. Na2 Qb6 23. Nc3 Na6 24. Na2 Rfe8 25. Qf2 Qc5 26. Qxc5 dxc5 27. Rbd1 Rd4 28. Rxd4 cxd4 29. Rd1 e5 30. Rd2 Kf7 31. Kg1 Ke6 32. Kf2 f5 33. exf5+ gxf5 34. Re2 Nc5 35. Nc1 e4 36. fxe4 fxe4 37. Nd3 Kd6 38. Nxc5 Kxc5 39. Bd1 d3 40. Re3 Kd4 0-1

[Event "SA-2014-0-00435"]
[Site "LSS email"]
[Date "2014.10.02"]
[Round "?"]
[White "Bienkowski, Alejandro"]
[Black "Sorcinelli, Andrea"]
[Result "1/2-1/2"]
[WhiteElo "1879"]
[BlackElo "2187"]
[PlyCount "40"]
[EventDate "2014.09.12"]
[EventType "tourn (corr)"]
[EventRounds "6"]
[EventCountry "GER"]
[SourceTitle "Corr 2022"]
[Source "ChessBase"]
[SourceDate "2021.10.24"]
[SourceVersion "1"]
[SourceVersionDate "2021.10.24"]
[SourceQuality "1"]

1. e4 c5 2. Nf3 d6 3. d4 cxd4 4. Nxd4 Nf6 5. Nc3 a6 6. Be3 e5 7. Nb3 Be6 8. f3 Be7 9. Qd2 0-0 10. 0-0-0 Nbd7 11. g4 b5 12. g5 b4 13. Ne2 Ne8 14. f4 a5 15. f5 a4 16. fxe6 axb3 17. exf7+ Rxf7 18. cxb3 Rxa2 19. Ng3 Rxf1 20. Rhxf1 Ra1+ 1/2-1/2

[Event "SA-2014-0-00435"]
[Site "LSS email"]
[Date "2014.10.02"]
[Round "?"]
[White "Husemann, Andreas"]
[Black "Bienkowski, Alejandro"]
[Result "1/2-1/2"]
[WhiteElo "2213"]
[BlackElo "1879"]
[PlyCount "93"]
[EventDate "2014.09.12"]
[EventType "tourn (corr)"]
[EventRounds "6"]
[EventCountry "GER"]
[SourceTitle "Corr 2022"]
[Source "ChessBase"]
[SourceDate "2021.10.24"]
[SourceVersion "1"]
[SourceVersionDate "2021.10.24"]
[SourceQuality "1"]

1. d4 Nf6 2. c4 g6 3. Nf3 Bg7 4. g3 0-0 5. Bg2 d6 6. 0-0 Nbd7 7. Nc3 e5 8. e4 c6 9. h3 Qb6 10. Re1 exd4 11. Nxd4 Re8 12. Nc2 Nc5 13. b4 Ne6 14. Be3 Qc7 15. Qd3 a5 16. a3 Nd7 17. f4 b6 18. Rad1 Rd8 19. f5 axb4 20. axb4 Nef8 21. b5 Ne5 22. Qf1 Nfd7 23. Nd4 Bb7 24. bxc6 Bxc6 25. Rc1 Bb7 26. Nd5 Bxd5 27. cxd5 Nc5 28. f6 Bf8 29. Ra1 Rxa1 30. Rxa1 Qb7 31. Bf4 Ra8 32. Bxe5 dxe5 33. Nc6 Bd6 34. Rxa8+ Qxa8 35. Qb5 Qa6 36. Qxa6 Nxa6 37. Kf2 Nc5 38. g4 g5 39. Ne7+ Kf8 40. Nc8 Bc7 41. Ke3 b5 42. Kd2 Ba5+ 43. Kc2 b4 44. Ne7 Bc7 45. Nc6 b3+ 46. Kb2 Ke8 47. Bf3 1/2-1/2

[Event "CP-2014-P-00059"]
[Site "LSS email"]
[Date "2014.09.30"]
[Round "?"]
[White "Bienkowski, Alejandro"]
[Black "Martucci, Massimo"]
[Result "1/2-1/2"]
[WhiteElo "1887"]
[BlackElo "2217"]
[PlyCount "52"]
[EventDate "2014.10.01"]
[EventType "tourn (corr)"]
[EventRounds "6"]
[EventCountry "GER"]
[SourceTitle "Corr 2022"]
[Source "ChessBase"]
[SourceDate "2021.10.24"]
[SourceVersion "1"]
[SourceVersionDate "2021.10.24"]
[SourceQuality "1"]

1. e4 c5 2. Nf3 d6 3. d4 cxd4 4. Nxd4 Nf6 5. Nc3 a6 6. Be3 e5 7. Nb3 Be6 8. f3 Nbd7 9. Qd2 h5 10. 0-0-0 Be7 11. Kb1 b5 12. f4 Rc8 13. Bd3 Qc7 14. h3 0-0 15. g4 b4 16. Ne2 d5 17. f5 dxe4 18. fxe6 exd3 19. exf7+ Rxf7 20. Qxd3 hxg4 21. hxg4 Nf8 22. Bd2 Qc4 23. Qh3 Qxc2+ 24. Ka1 Qh7 25. Qg3 Qe4 26. Qh3 Qh7 1/2-1/2

[Event "BI-2014-P-0023"]
[Site "LSS email"]
[Date "2014.04.19"]
[Round "?"]
[White "Bienkowski, Alejandro"]
[Black "Fuhrwerk, Klaus"]
[Result "1/2-1/2"]
[WhiteElo "1833"]
[BlackElo "2069"]
[PlyCount "63"]
[EventDate "2014.04.25"]
[EventType "tourn (corr)"]
[EventRounds "10"]
[EventCountry "GER"]
[SourceTitle "Corr 2015"]
[Source "ChessBase"]
[SourceDate "2015.07.17"]
[SourceVersion "1"]
[SourceVersionDate "2015.07.17"]
[SourceQuality "1"]

1. e4 c5 2. Nf3 d6 3. d4 cxd4 4. Nxd4 Nf6 5. Nc3 a6 6. Be3 e6 7. f3 b5 8. g4 b4 9. Nce2 h6 10. c4 e5 11. Nc2 Nc6 12. Qd2 Rb8 13. b3 a5 14. Ng3 a4 15. Rd1 g6 16. Be2 axb3 17. axb3 Nd7 18. 0-0 Nc5 19. Rb1 Be7 20. f4 exf4 21. Bxf4 Ne5 22. Nxb4 Bg5 23. Bxg5 hxg5 24. Nd5 Rxb3 25. Rxb3 Nxb3 26. Qe3 Nc5 27. Nf6+ Kf8 28. Qxg5 Ne6 29. Qe3 Kg7 30. Kg2 Qa5 31. Nd5 Qc5 32. Qxc5 1/2-1/2

[Event "BI-2014-P-0023"]
[Site "LSS email"]
[Date "2014.04.19"]
[Round "?"]
[White "Vazquez, Alvaro"]
[Black "Bienkowski, Alejandro"]
[Result "0-1"]
[WhiteElo "580"]
[BlackElo "1833"]
[PlyCount "50"]
[EventDate "2014.04.25"]
[EventType "tourn (corr)"]
[EventRounds "10"]
[EventCountry "GER"]
[SourceTitle "Corr 2015"]
[Source "ChessBase"]
[SourceDate "2015.07.17"]
[SourceVersion "1"]
[SourceVersionDate "2015.07.17"]
[SourceQuality "1"]

1. Nf3 c5 2. e4 d6 3. d4 cxd4 4. Qxd4 Nc6 5. Qe3 Nf6 6. Bb5 a6 7. Bxc6+ bxc6 8. Nc3 e5 9. Bd2 Be7 10. Qg5 Ng4 11. Qxg7 Bf6 12. Bg5 Qb6 13. 0-0 Bxg7 14. h3 Nxf2 15. Rxf2 Qxb2 16. Rd1 Qxc3 17. Rxd6 0-0 18. Rfd2 f5 19. Bh6 Bxh6 20. Rxh6 fxe4 21. Rh4 exf3 22. Rg4+ Bxg4 23. hxg4 Qxd2 24. gxf3 Rab8 25. Kf1 Rb1# 0-1

[Event "BI-2014-F-0000"]
[Site "LSS email"]
[Date "2014.02.21"]
[Round "?"]
[White "Bienkowski, Alejandro"]
[Black "Corbacho, Jose Luis"]
[Result "1-0"]
[WhiteElo "1886"]
[BlackElo "1666"]
[PlyCount "55"]
[EventDate "2014.02.27"]
[EventType "tourn (corr)"]
[EventRounds "10"]
[EventCountry "GER"]
[SourceTitle "Corr 2022"]
[Source "ChessBase"]
[SourceDate "2021.10.24"]
[SourceVersion "1"]
[SourceVersionDate "2021.10.24"]
[SourceQuality "1"]

1. e4 d5 2. exd5 Nf6 3. d4 Bg4 4. f3 Bf5 5. Bb5+ Nbd7 6. c4 e6 7. dxe6 fxe6 8. Nc3 c6 9. Ba4 Qc7 10. Nge2 e5 11. Bc2 Bxc2 12. Qxc2 exd4 13. Nxd4 0-0-0 14. Nce2 Bb4+ 15. Bd2 Bxd2+ 16. Qxd2 Ne5 17. Qc3 Qf7 18. 0-0-0 Nxc4 19. b3 Nb6 20. Qa5 Nfd5 21. Qxa7 Rhe8 22. Qa5 Qg6 23. g3 Qf6 24. Nc3 Nxc3 25. Qxc3 Nd5 26. Qc5 Re3 27. Qa7 Nb6 28. Qxb6 1-0

[Event "BI-2014-F-0000"]
[Site "LSS email"]
[Date "2014.02.21"]
[Round "?"]
[White "Bienkowski, Alejandro"]
[Black "Skowronek, Juergen"]
[Result "0-1"]
[WhiteElo "1886"]
[BlackElo "1844"]
[PlyCount "54"]
[EventDate "2014.02.27"]
[EventType "tourn (corr)"]
[EventRounds "10"]
[EventCountry "GER"]
[SourceTitle "Corr 2022"]
[Source "ChessBase"]
[SourceDate "2021.10.24"]
[SourceVersion "1"]
[SourceVersionDate "2021.10.24"]
[SourceQuality "1"]

1. e4 e5 2. Nf3 Nc6 3. Bc4 Bc5 4. c3 Nf6 5. d3 a6 6. Bb3 d6 7. Nbd2 Ba7 8. Nf1 Ne7 9. Ng3 Ng6 10. 0-0 Bg4 11. h3 Be6 12. Bxe6 fxe6 13. Qb3 Qc8 14. Ng5 d5 15. Be3 Bxe3 16. fxe3 h6 17. Nf3 c6 18. Rad1 Qc7 19. c4 0-0 20. cxd5 cxd5 21. Rc1 Qe7 22. exd5 Nxd5 23. Rfe1 Rxf3 24. gxf3 Nh4 25. Re2 Qg5 26. Kf2 Rf8 27. Qa4 Nxf3 0-1